Statistics for North American Countries by Area-In Order

Click here to take the quiz!

General Stats

  • This quiz has been taken 103 times
  • The average score is 21 of 23

Answer Stats

AreaCountry% Correct
9,984,670Canada
100%
1,964,375Mexico
100%
9,525,067United States
99%
130,373Nicaragua
98%
108,889Guatemala
95%
112,492Honduras
95%
109,884Cuba
94%
51,100Costa Rica
93%
75,417Panama
93%
22,966Belize
92%
48,671Dominican Republic
92%
21,041El Salvador
92%
27,750Haiti
90%
13,943Bahamas
89%
10,991Jamaica
86%
261St. Kitts and Nevis
86%
5,130Trinidad and Tobago
86%
430Barbados
83%
751Dominica
83%
389St. Vincent and the Grenadines
83%
344Grenada
82%
616St. Lucia
82%
442Antigua and Barbuda
81%

Score Distribution

Percentile by Number Answered

Percent of People with Each Score

Your Score History

You have not taken this quiz